The incidence of wife assault: An analysis of survey data

Gespeichert in:  
Bibliographische Detailangaben
1. VerfasserIn: Campbell, Kathryn M. 1960- (Verfasst von)
Medienart: Elektronisch Aufsatz
Sprache:Englisch
Veröffentlicht: 2001
In: Crime prevention and community safety
Jahr: 2001, Band: 3, Heft: 2, Seiten: 19-42
Online-Zugang: Volltext (lizenzpflichtig)
Verfügbarkeit prüfen: HBZ Gateway

MARC

LEADER 00000caa a22000002c 4500
001 1912588102
003 DE-627
005 20250125055214.0
007 cr uuu---uuuuu
008 241217s2001 xx |||||o 00| ||eng c
024 7 |a 10.1057/palgrave.cpcs.8140087  |2 doi 
035 |a (DE-627)1912588102 
035 |a (DE-599)KXP1912588102 
040 |a DE-627  |b ger  |c DE-627  |e rda 
041 |a eng 
084 |a 2,1  |2 ssgn 
100 1 |a Campbell, Kathryn M.  |d 1960-  |e VerfasserIn  |0 (DE-588)1057807818  |0 (DE-627)795246595  |0 (DE-576)184093848  |4 aut 
109 |a Campbell, Kathryn M. 1960-  |a Campbell, Kathryn Maria 1960-  |a Campbell, Kathryn 1960- 
245 1 4 |a The incidence of wife assault: An analysis of survey data 
264 1 |c 2001 
336 |a Text  |b txt  |2 rdacontent 
337 |a Computermedien  |b c  |2 rdamedia 
338 |a Online-Ressource  |b cr  |2 rdacarrier 
773 0 8 |i Enthalten in  |t Crime prevention and community safety  |d Basingstoke : Palgrave Macmillan, 1999  |g 3(2001), 2, Seite 19-42  |h Online-Ressource  |w (DE-627)481279741  |w (DE-600)2180127-7  |w (DE-576)252334507  |x 1743-4629  |7 nnas 
773 1 8 |g volume:3  |g year:2001  |g number:2  |g pages:19-42 
787 0 8 |i Forschungsdaten  |a USA. Bureau of Justice Statistics  |t National Crime Victimization Survey, 1994 (Record-Type Files)  |d [Erscheinungsort nicht ermittelbar] : [Verlag nicht ermittelbar], 2008  |w (DE-627)1840056142 
856 4 0 |u https://doi.org/10.1057/palgrave.cpcs.8140087  |x Resolving-System  |z lizenzpflichtig  |3 Volltext  |7 1 
935 |a mkri 
951 |a AR 
ELC |a 1 
LOK |0 000 xxxxxcx a22 zn 4500 
LOK |0 001 4637553601 
LOK |0 003 DE-627 
LOK |0 004 1912588102 
LOK |0 005 20241217044602 
LOK |0 008 241217||||||||||||||||ger||||||| 
LOK |0 035   |a (DE-2619)ICPSR33870 
LOK |0 040   |a DE-2619  |c DE-627  |d DE-2619 
LOK |0 092   |o n 
LOK |0 852   |a DE-2619 
LOK |0 852 1  |9 00 
LOK |0 935   |a nacp 
LOK |0 939   |a 17-12-24  |b l01 
ORI |a SA-MARC-krimdoka001.raw